[Event "Minsk"]
[Site "Minsk"]
[Date "1987.??.??"]
[Round "?"]
[White "Smirin, Ilia"]
[Black "Korzubov, Peter"]
[Result "1/2-1/2"]
[WhiteElo "2465"]
[BlackElo "2455"]

1.e4 e6 2.d4 d5 3.Nd2 c5 4.Ngf3 Nc6 5.exd5 exd5 6.Bb5 Bd6 7.dxc5 Bxc5 8.O-O Ne7
9.Nb3 Bd6 10.Bg5 O-O 11.Re1 Qc7 12.Bh4 Nf5 13.Bg3 Nxg3 14.hxg3 Qb6 15.Qxd5 Bxg3
16.Nbd4 Nxd4 17.Nxd4 Be6 18.Qe4 Rad8 19.c3 Bd5 20.Qg4 Bc7 21.Re3 Qf6 22.Bd3 g6
23.Be4 Bb6 24.Rd1 Be6 25.Qf3 Qxf3 26.Bxf3 Bxa2 27.Bxb7 Rb8 28.Bf3 Bxd4 29.Rxd4 Rxb2
30.Ra4 Rd8 31.c4 Rdd2 32.Bd5 Rxf2 33.Re7 Rf5 34.Rexa7 Rxd5 35.cxd5 Bxd5 36.Rg4 Kg7
37.Ra5 Be6 38.Rf4  1/2-1/2

[Event "Minsk"]
[Site "Minsk"]
[Date "1987.??.??"]
[Round "?"]
[White "Basin, Leonid"]
[Black "Smirin, Ilia"]
[Result "0-1"]
[WhiteElo "2350"]
[BlackElo "2465"]

1.d4 Nf6 2.c4 c5 3.d5 g6 4.Nc3 Bg7 5.e4 d6 6.Be2 e6 7.Nf3 O-O 8.O-O Re8 9.Nd2 Na6
10.f4 Nc7 11.a4 Rb8 12.Re1 exd5 13.cxd5 a6 14.a5 h5 15.h3 b5 16.axb6 Rxb6
17.Bf3 Rb4 18.Ra4 Nfxd5 19.Nxd5 Nxd5 20.Rxb4 Nxb4 21.Nc4 Be6 22.Ne3 Qh4 23.Re2 Bd7
24.Nc4 Bb5 25.b3 Nc6 26.Ra2 Nd4 27.Kh2 Nxf3+ 28.Qxf3 Qe1 29.Rc2 Bxc4 30.Rxc4 Bd4  0-1

[Event "URS-ch otbor"]
[Site "Norilsk"]
[Date "1987.??.??"]
[Round "?"]
[White "Smirin, Ilia"]
[Black "Gelfand, Boris"]
[Result "1/2-1/2"]
[WhiteElo "2510"]
[BlackElo "2480"]

1.e4 c5 2.Nf3 d6 3.d4 cxd4 4.Nxd4 Nf6 5.Nc3 Nc6 6.Be2 e5 7.Nf3 h6 8.O-O Be7
9.Re1 O-O 10.h3 Be6 11.Bf1 Qa5 12.Bd2 Qd8 13.Bc1 Qa5 14.Bd2 Qd8 15.Bc1 Qa5
16.Bd2  1/2-1/2

[Event "URS-ch otbor"]
[Site "Norilsk"]
[Date "1987.??.??"]
[Round "?"]
[White "Smirin, Ilia"]
[Black "Krasenkow, Michal"]
[Result "1/2-1/2"]
[WhiteElo "2480"]
[BlackElo "2380"]

1.e4 c5 2.Nf3 Nc6 3.Bb5 g6 4.c3 Bg7 5.d4 Qb6 6.a4 cxd4 7.O-O a6 8.Bxc6 dxc6
9.a5 Qd8 10.cxd4 Bg4 11.Qb3 Bxf3 12.gxf3 Qd7 13.Be3 Nf6 14.Nd2 O-O 15.Kg2 Nh5
16.Nc4 Qe6 17.Ra3 Rad8 18.Ne5 Qxb3 19.Rxb3 c5 20.f4 cxd4 21.Bd2 Bxe5 22.fxe5 Rd7
23.Rc1 f6 24.e6 Rd6 25.Rxb7 Rxe6 26.Rcc7 Re8 27.Kf3 f5 28.exf5 Re5 29.fxg6 Rf8+
30.Kg4 hxg6 31.Rxe7 Rxe7 32.Rxe7 Rxf2 33.Bc1 Rc2 34.Re1 Rxh2 35.Re6 Kf7 36.Rxa6 Rc2
37.Ra7+ Ke6 38.Ra6+ Kf7 39.Ra7+ Ke6 40.Ra6+ Ke5 41.Bh6 Rxb2  1/2-1/2

[Event "URS-ch otbor"]
[Site "Norilsk"]
[Date "1987.??.??"]
[Round "?"]
[White "Huzman, Alexander"]
[Black "Smirin, Ilia"]
[Result "1/2-1/2"]
[WhiteElo "2500"]
[BlackElo "2480"]

1.d4 Nf6 2.c4 g6 3.Nc3 Bg7 4.e4 d6 5.Nf3 O-O 6.Be2 e5 7.dxe5 dxe5 8.Qxd8 Rxd8
9.Bg5 Re8 10.Nd5 Nxd5 11.cxd5 c6 12.Bc4 cxd5 13.Bxd5 Nc6 14.O-O Be6 15.Bxe6 Rxe6
16.Rfd1 Nd4 17.Nxd4 exd4 18.f3 Rc8 19.Rac1 Rec6 20.Rxc6 Rxc6 21.Rc1 Rxc1+
22.Bxc1 d3 23.Kf1 d2 24.Bxd2 Bxb2  1/2-1/2

[Event "URS-ch otbor"]
[Site "Norilsk"]
[Date "1987.??.??"]
[Round "?"]
[White "Khasin, Alexander"]
[Black "Smirin, Ilia"]
[Result "0-1"]
[WhiteElo "2410"]
[BlackElo "2480"]

1.c4 g6 2.g3 Bg7 3.Bg2 Nf6 4.Nf3 O-O 5.O-O c6 6.Nc3 d6 7.d3 e5 8.Rb1 Re8
9.Bg5 h6 10.Bxf6 Bxf6 11.Nd2 Bg7 12.Qc2 a5 13.a3 Be6 14.b4 axb4 15.axb4 Nd7
16.b5 Qc7 17.Rb2 Ra3 18.bxc6 bxc6 19.Rfb1 e4 20.Ndxe4 f5 21.Rb7 Qa5 22.Nxd6 Rxc3
23.Qd1 Rd8 24.Bxc6 Qc5 25.Bxd7 Rxd7 26.Rxd7 Bxd7 27.Nb5 Bxb5 28.Rxb5 Qa3
29.Kg2 Rc1 30.Qb3 Qa1 31.c5+ Kh7 32.Qd5 Rg1+ 33.Kf3 Qf1 34.c6 f4 35.c7 Qg2+
36.Kg4 Qxf2 37.Qf3 fxg3 38.hxg3 Qd4+ 39.Kh3 Qd7+ 40.Kh2 Rc1 41.Rb7 Rxc7 42.Rxc7 Qxc7
43.Kg2 Bd4 44.Qe4 Qc5 45.Qe6 Qa7 46.Qe4 Kg7 47.Qd5 Qb6 48.Qd7+ Kf6 49.Qe8 Qd6
50.e3 Be5 51.d4 Qd5+ 52.Kh2 Bd6 53.Qd8+ Kf5 54.Qd7+ Kg5 55.Qd8+ Kg4 56.Qh4+ Kf3
57.Qf6+ Qf5  0-1

[Event "Riga op"]
[Site "Riga"]
[Date "1987.??.??"]
[Round "?"]
[White "Serper, Grigory"]
[Black "Smirin, Ilia"]
[Result "1-0"]
[WhiteElo "2365"]
[BlackElo "2465"]

1.e4 c5 2.Nc3 d6 3.Nge2 g6 4.d4 cxd4 5.Nxd4 Nf6 6.g3 Nc6 7.Bg2 Nxd4 8.Qxd4 Bg7
9.O-O O-O 10.Qd3 Nd7 11.h3 Nc5 12.Qe3 Bd7 13.Bd2 Bc6 14.Rab1 b5 15.Rfd1 a5
16.a3 Qc7 17.Nd5 Bxd5 18.exd5 Na4 19.c3 Nb6 20.Qe2 Nc4 21.Bg5 Rfe8 22.Re1 Rab8
23.Qe4 Qc5 24.Qh4 Ne5 25.Qe4 Qc4 26.Qxc4 bxc4 27.f4 Nd3 28.Rxe7 Rec8 29.Bf1 Bxc3
30.b3 f5 31.Rd7 Nc5 32.Rxd6 cxb3 33.Rc6 b2 34.Be7 Ne4 35.Ba6 Kf7 36.Bxc8 Kxe7
37.d6+ Kd8 38.Be6 Bd4+ 39.Kg2 Nf6 40.d7  1-0

[Event "URS-FL"]
[Site "Sverdlovsk"]
[Date "1987.??.??"]
[Round "?"]
[White "Huzman, Alexander"]
[Black "Smirin, Ilia"]
[Result "0-1"]
[WhiteElo "2500"]
[BlackElo "2480"]

1.Nf3 Nf6 2.c4 g6 3.Nc3 Bg7 4.e4 d6 5.d4 O-O 6.Be2 e5 7.O-O Nc6 8.d5 Ne7
9.Ne1 Nd7 10.Be3 f5 11.f3 f4 12.Bf2 g5 13.Nb5 b6 14.b4 a6 15.Na3 h5 16.c5 b5
17.Nac2 Nf6 18.a4 bxa4 19.Rxa4 Ng6 20.b5 g4 21.Nb4 g3 22.hxg3 fxg3 23.Bxg3 h4
24.Nc6 Qd7 25.Bh2 Bh6 26.f4 Nxf4 27.bxa6 Qg7 28.Bxf4 Bxf4 29.Qd3 Rxa6 30.Rxa6 Bxa6
31.Qxa6 Qg3 32.Qd3 Be3+ 33.Kh1 h3 34.Rg1 Kf7  0-1

[Event "URS-FL"]
[Site "Sverdlovsk"]
[Date "1987.??.??"]
[Round "?"]
[White "Khalifman, Alexander"]
[Black "Smirin, Ilia"]
[Result "1/2-1/2"]
[WhiteElo "2515"]
[BlackElo "2480"]

1.d4 Nf6 2.c4 c5 3.d5 g6 4.Nc3 Bg7 5.e4 d6 6.Bd3 O-O 7.Nge2 e6 8.O-O exd5
9.cxd5 Na6 10.f3 Rb8 11.a3 Bd7 12.Rb1 Qa5 13.Kh1 b5 14.Bd2 c4 15.Bc2 Qc7
16.Bf4 Rfe8 17.Nd4 Nc5 18.Nc6 Rb6 19.a4 Bxc6 20.dxc6 b4 21.Nb5 Qxc6 22.b3 Nh5
23.Be3 c3 24.Nxa7 Qc7 25.Nb5 Qd8 26.Qd5  1/2-1/2

[Event "URS-FL"]
[Site "Sverdlovsk"]
[Date "1987.??.??"]
[Round "?"]
[White "Pigusov, Evgeny"]
[Black "Smirin, Ilia"]
[Result "1/2-1/2"]
[WhiteElo "2520"]
[BlackElo "2480"]

1.d4 Nf6 2.c4 g6 3.g3 Bg7 4.Bg2 O-O 5.Nf3 d6 6.O-O c6 7.Nc3 Qa5 8.e4 Qh5
9.e5 dxe5 10.Nxe5 Ng4 11.Nf3 Rd8 12.h3 Nf6 13.Ne2 Qa5 14.Re1 Ne4 15.Qb3 Nd7
16.Bf4 Ndf6 17.Nc3 Nxc3 18.bxc3 Re8 19.c5 Qd8 20.Rad1 Qd5 21.c4 Qd8 22.d5 Qa5
23.dxc6 bxc6 24.Ne5 Qxc5 25.Nxc6 Bxh3 26.Bxh3 Qxc6 27.Bg2 Qc8 28.Bxa8 Qxa8
29.Rb1 Qc8 30.Be5 Ng4 31.Bxg7 Kxg7 32.Qb5 a6 33.Qd5 Rd8 34.Qf3 Qxc4 35.Rxe7 Rd3
36.Qf4 Qxa2 37.Rbb7 Rd1+ 38.Kg2 Qd5+ 39.Qe4 Qxe4+ 40.Rxe4 h5 41.Ree7 Nh6
42.Red7 Ra1 43.Ra7 Ra2  1/2-1/2

[Event "URS-FL"]
[Site "Sverdlovsk"]
[Date "1987.??.??"]
[Round "?"]
[White "Smirin, Ilia"]
[Black "Kharitonov, Andrei Y"]
[Result "1/2-1/2"]
[WhiteElo "2480"]
[BlackElo "2450"]

1.e4 c6 2.d4 d5 3.Nd2 dxe4 4.Nxe4 Nd7 5.Ng5 Ngf6 6.Bd3 e6 7.N1f3 Bd6 8.Qe2 h6
9.Ne4 Nxe4 10.Qxe4 Nf6 11.Qe2 c5 12.dxc5 Bxc5 13.Bd2 O-O 14.O-O-O Qc7 15.g4 e5
16.g5 hxg5 17.Bxg5 e4 18.Bxe4 Re8 19.Bxf6 Qf4+ 20.Nd2 Qxf6 21.Qh5 Bd4 22.c3 Rxe4
23.Nxe4 Qf4+ 24.Nd2 Bg4 25.Qd5 Bxd1 26.Qxd4 Qxd4 27.cxd4 Bg4 28.Ne4  1/2-1/2

[Event "URS-FL"]
[Site "Sverdlovsk"]
[Date "1987.??.??"]
[Round "?"]
[White "Smirin, Ilia"]
[Black "Loginov, Valery A"]
[Result "1-0"]
[WhiteElo "2480"]
[BlackElo "2355"]

1.Nf3 d6 2.d4 Bg4 3.h3 Bh5 4.e4 Nf6 5.Nc3 e6 6.d5 e5 7.Be3 Be7 8.Be2 Bg6
9.Nd2 c6 10.O-O O-O 11.a4 a5 12.Bf3 cxd5 13.exd5 Ne8 14.Ra3 f5 15.Nc4 Nd7
16.Rb3 Nef6 17.g3 Qc8 18.Be2 f4 19.gxf4 exf4 20.Bxf4 Nc5 21.Ra3 Qxh3 22.Nxd6 Nh5
23.Ncb5 Nd3 24.Bg4 Qh4 25.Be3 Ng3 26.Be6+ Kh8 27.fxg3 Qxg3+ 28.Kh1 Bh5 29.Rxd3 Bxd1
30.Bg1 Qh4+ 31.Rh3 Rxf1 32.Rxh4 Bxh4 33.Nf7+ Kg8 34.Ne5+ Kh8 35.Nf7+ Rxf7
36.Bxf7 Bxc2 37.Be6 Rd8 38.Bb6 Be4+ 39.Kh2 Rxd5 40.Bxd5 Bxd5 41.Bxa5 Bc6
42.Nc3 Be1 43.Bc7 g5 44.Be5+ Kg8 45.b4 Kf7 46.b5 Bf3 47.a5 Ke6 48.Bd4 h5
49.a6 bxa6 50.bxa6 h4 51.Kg1 g4 52.a7 Bxc3 53.Bxc3 g3  1-0

[Event "URS-FL"]
[Site "Sverdlovsk"]
[Date "1987.??.??"]
[Round "?"]
[White "Smirin, Ilia"]
[Black "Psakhis, Lev"]
[Result "1-0"]
[WhiteElo "2480"]
[BlackElo "2575"]

1.e4 e5 2.Nf3 Nc6 3.Bb5 a6 4.Ba4 Nf6 5.O-O Be7 6.Re1 b5 7.Bb3 O-O 8.c3 d6
9.h3 Na5 10.Bc2 c5 11.d4 Nc6 12.Nbd2 cxd4 13.cxd4 Nd7 14.Nb3 a5 15.Bd3 Ba6
16.d5 Nb4 17.Bb1 a4 18.Nbd2 Bc8 19.Nf1 Na6 20.Ng3 g6 21.Bd3 Rb8 22.Qe2 Qb6
23.Bh6 Re8 24.Be3 Nac5 25.b4 axb3 26.axb3 b4 27.Nd2 Qd8 28.Bb5 Rf8 29.Ra7 Bg5
30.Bc6 Bxe3 31.Qxe3 f5 32.exf5 gxf5 33.Qf3 Qg5 34.Nc4 Qg6 35.Qh5 Rf6 36.Rc7 f4
37.Qxg6+ hxg6 38.Nf1 Nf8 39.Nfd2 Bf5 40.Rc1 Ne4 41.Nxe4 Bxe4 42.f3 Bd3 43.Ba4 g5
44.Na5 e4 45.Nc6 Rb6 46.fxe4 Bxe4 47.Re1 Bd3 48.Kf2 Rf7 49.Ne7+ Kh8 50.Rc6 Nd7
51.Rc8+ Nf8 52.Rd8 Kg7 53.Nc8 Rb8 54.Ree8 Ng6 55.Rxd6 f3 56.g3 Bf5 57.Nb6 Rbb7
58.Nc4 Bxh3 59.Rdd8 Rbc7 60.d6 Rc5 61.d7 Nf8 62.Rxf8 Rxf8 63.Rxf8 Bxd7 64.Ra8 Be6
65.Ra5  1-0

[Event "URS-FL"]
[Site "Sverdlovsk"]
[Date "1987.??.??"]
[Round "?"]
[White "Smirin, Ilia"]
[Black "Rashkovsky, Nukhim N"]
[Result "1/2-1/2"]
[WhiteElo "2480"]
[BlackElo "2495"]

1.e4 c5 2.Nf3 d6 3.d4 cxd4 4.Nxd4 Nf6 5.Nc3 a6 6.Be3 e5 7.Nf3 Be7 8.Bc4 O-O
9.O-O Nc6 10.Qe2 Bg4 11.h3 Nd4 12.Bxd4 exd4 13.Nd5 Bxf3 14.Qxf3 Rc8 15.Nxf6+ Bxf6
16.Bb3 g6 17.Qd3 Bg7 18.f4 Kh8 19.Rf3 Qh4 20.Raf1 f5 21.exf5 gxf5 22.R3f2 Rce8
23.Re2 Re3 24.Rxe3 dxe3 25.Qxe3 Bxb2 26.Qe6 Bd4+ 27.Kh2 Bc5 28.g3 Qd8 29.Re1 b5
30.Qe7 a5 31.Qb7 Re8 32.Re6 b4 33.Qd5 Rf8 34.h4 Qd7 35.Rf6 Qe7 36.Rxf8+ Qxf8
37.Bc4 Kg7 38.Bd3 Qf7 39.Qxf7+ Kxf7 40.Bxf5 h5  1/2-1/2

[Event "URS-FL"]
[Site "Sverdlovsk"]
[Date "1987.??.??"]
[Round "?"]
[White "Smirin, Ilia"]
[Black "Yermolinsky, Alex"]
[Result "1-0"]
[WhiteElo "2480"]
[BlackElo "2445"]

1.e4 Nf6 2.e5 Nd5 3.d4 d6 4.Nf3 Bg4 5.Be2 e6 6.O-O Be7 7.c4 Nb6 8.Nc3 O-O
9.Be3 a5 10.exd6 cxd6 11.d5 Bxf3 12.Bxf3 Nxc4 13.dxe6 fxe6 14.Qb3 d5 15.Rad1 Rxf3
16.gxf3 Qc8 17.a4 Kh8 18.Bf4 Nc6 19.Nb5 Ra6 20.Rfe1 Bf6 21.Qc2 Nb4 22.Qe2 Nxb2
23.Rc1 Qg8 24.Nd6 Rc6 25.Qxe6 Qxe6 26.Rxe6 h5 27.Re8+ Kh7 28.Nxb7 Rb6 29.Nc5 N4d3
30.Nd7 Rb7 31.Nxf6+ gxf6 32.Rc7+ Rxc7 33.Bxc7 Nxa4 34.Bxa5 Nac5 35.Bb6 Kg6
36.Bxc5 Nxc5 37.Rd8 Ne6 38.Rxd5 Nf4 39.Ra5 h4 40.Kf1 f5 41.Ke1 Kg5 42.Ra8 Ne6
43.Kd2  1-0

[Event "Borzhomi"]
[Site "Borzhomi"]
[Date "1988.??.??"]
[Round "?"]
[White "Smirin, Ilia"]
[Black "Ulibin, Mikhail"]
[Result "0-1"]
[WhiteElo "2500"]
[BlackElo "2390"]

1.e4 e6 2.d4 d5 3.Nc3 Bb4 4.e5 c5 5.a3 Bxc3+ 6.bxc3 Ne7 7.Qg4 O-O 8.Nf3 f5
9.exf6 Rxf6 10.Bg5 Nd7 11.Bd3 c4 12.Be2 Rf5 13.O-O Nf6 14.Bxf6 Rxf6 15.Ne5 Nf5
16.Rfb1 Nd6 17.Qh3 Ne4 18.Ng4 Rf5 19.Qe3 Qc7 20.Ne5 Nd6 21.Bg4 Rf6 22.Re1 a5
23.a4 Ra6 24.Qc1 Nf7 25.f4 Nd6 26.Bf3 Bd7 27.g3 Be8 28.Ng4 Rg6 29.Qa3 h5
30.Ne3 Rf6 31.f5 Qd8 32.Rab1 Nxf5 33.Nxf5 Rxf5 34.Bg2 Qc7 35.Rb2 h4 36.Reb1 b6
37.gxh4 Qf4 38.Qe7 Bf7 39.Qb7 Qe3+ 40.Kh1 Bh5 41.Rg1 Rf2 42.Bxd5 Ra7 43.Qb8+ Kh7
44.Rg3 Rf1+ 45.Kg2 Qf2+ 46.Kh3 Qf5+ 47.Kg2 Qxd5+ 48.Kxf1 Qh1+  0-1

[Event "Borzhomi"]
[Site "Borzhomi"]
[Date "1988.??.??"]
[Round "?"]
[White "Smirin, Ilia"]
[Black "Shirov, Alexei"]
[Result "0-1"]
[WhiteElo "2500"]
[BlackElo "2380"]

1.d4 d5 2.c4 c6 3.Nf3 e6 4.e3 f5 5.Nc3 Nf6 6.Qc2 Bd6 7.h3 O-O 8.g4 Ne4 9.Bg2 Nd7
10.gxf5 Nxc3 11.bxc3 exf5 12.cxd5 cxd5 13.c4 dxc4 14.Qxc4+ Kh8 15.O-O Nb6
16.Qb3 Qe7 17.d5 Nd7 18.Bb2 Nc5 19.Qd1 Bd7 20.Rb1 Bb5 21.Bxg7+ Qxg7 22.Rxb5 Rf6
23.Qd4 Rg8 24.Nh4 f4 25.Rxc5 Bxc5 26.Qxc5 Rh6 27.Qd4 Qxd4 28.exd4 Rxh4 29.Kh2 f3
30.Bxf3 Rxd4 31.Bg4 Rf8 32.Be6 Rd2 33.Kg3 Rxa2 34.f4 Ra3+ 35.Kg4 Kg7 36.Rc1 Ra4
37.Rc7+ Kg6 38.Rxb7 Rfxf4+ 39.Kg3 Rfb4  0-1

[Event "Borzhomi"]
[Site "Borzhomi"]
[Date "1988.??.??"]
[Round "?"]
[White "Akopian, Vladimir"]
[Black "Smirin, Ilia"]
[Result "1-0"]
[WhiteElo "2455"]
[BlackElo "2500"]

1.e4 c5 2.Nf3 d6 3.d4 cxd4 4.Nxd4 Nf6 5.Nc3 g6 6.Be3 Bg7 7.f3 Nc6 8.Qd2 O-O
9.g4 e5 10.Nb3 a5 11.Bb5 Be6 12.O-O-O Bxb3 13.axb3 Nd4 14.Bxd4 exd4 15.Qxd4 Nxg4
16.Qxd6 Qg5+ 17.Qd2 Qh4 18.Rdf1 Rfd8 19.Qe2 Bh6+ 20.f4 Nf6 21.Kb1 Bxf4 22.e5 Nh5
23.e6 fxe6 24.Qxe6+ Kh8 25.Nd5 Qg5 26.Nxf4 Nxf4 27.Qb6 Nh5 28.Rf7 Rf8 29.Qd4+ Nf6
30.h4 Qf5 31.Bd3 Qe6 32.Bc4 Qc6 33.Re1 Rxf7 34.Bxf7 Rf8 35.Re7 b5 36.c4 bxc4
37.bxc4 Qf3 38.c5 Qf5+ 39.Ka1 Qf1+ 40.Ka2 Qf5 41.Bc4 Qf3 42.Re6 Qg4 43.Qc3 Qxh4
44.c6 Kg7 45.c7 Qg4 46.Re1  1-0

[Event "Borzhomi"]
[Site "Borzhomi"]
[Date "1988.??.??"]
[Round "?"]
[White "Komarov, Dimitri"]
[Black "Smirin, Ilia"]
[Result "1/2-1/2"]
[WhiteElo "2390"]
[BlackElo "2500"]

1.d4 Nf6 2.Nf3 g6 3.Bg5 Bg7 4.c3 Ne4 5.Bh4 O-O 6.Nbd2 d5 7.e3 c5 8.Nxe4 dxe4
9.Nd2 Bf5 10.dxc5 Nc6 11.Nc4 Qc8 12.Be2 Rd8 13.Qc2 Rd5 14.Rd1 Rxc5 15.b4 Rxc4
16.Bxc4 Ne5 17.Be2 Nf3+ 18.gxf3 Bxc3+ 19.Rd2 exf3 20.Bd3 Bxd2+ 21.Qxd2 Bxd3
22.Qxd3 Qc1+ 23.Qd1 Qc3+ 24.Qd2 Qa1+  1/2-1/2

[Event "Borzhomi"]
[Site "Borzhomi"]
[Date "1988.??.??"]
[Round "?"]
[White "Khenkin, Igor"]
[Black "Smirin, Ilia"]
[Result "1/2-1/2"]
[WhiteElo "2340"]
[BlackElo "2500"]

1.d4 Nf6 2.Nf3 e6 3.c4 b6 4.Nc3 Bb7 5.a3 g6 6.Qc2 Bxf3 7.gxf3 Nc6 8.e3 Bg7
9.f4 Ne7 10.Bd3 O-O 11.e4 c5 12.d5 exd5 13.exd5 a6 14.a4 d6 15.h4 Qd7 16.h5 Rfe8
17.Kf1 Nxh5 18.f5 Nf6 19.f3 Nxf5 20.Bxf5 Qxf5 21.Qxf5 gxf5 22.Bf4 Nd7 23.Bxd6 Be5
24.Bxe5 Nxe5 25.Rh5 Nxc4 26.Kf2 Nxb2 27.Rxf5 Nd3+ 28.Kg3 Rad8 29.Rb1 Re3
30.Rg1 Kf8 31.Rf6 Nb4 32.Ne4 Rxd5 33.Kf4 Rb3 34.Ng5  1/2-1/2

[Event "URS-FL56"]
[Site "Klaipeda"]
[Date "1988.??.??"]
[Round "?"]
[White "Smirin, Ilia"]
[Black "Shirov, Alexei"]
[Result "1/2-1/2"]
[WhiteElo "2500"]
[BlackElo "2380"]

1.e4 c5 2.Nf3 Nc6 3.d4 cxd4 4.Nxd4 e5 5.Nb5 d6 6.N1c3 a6 7.Na3 b5 8.Nd5 Nge7
9.c4 Nd4 10.cxb5 Nxd5 11.exd5 Bd7 12.Be3 Nxb5 13.Nc4 f5 14.a4 Na7 15.Rc1 f4
16.Bd2 Nc8 17.Qb3 Kf7 18.Qb7 Ra7 19.Qb8 Be7 20.Ba5 Qe8 21.Bb6 Nxb6 22.Qxa7 Nxa4
23.Be2 Nc5 24.b4 Nb3 25.Rc3 Nd4 26.Qxa6 Qb8 27.Nb6 Bd8 28.Bh5+ g6 29.Nxd7 Qxb4
30.O-O Qxc3 31.Qxd6 gxh5 32.Nxe5+ Kg7 33.Qd7+ Kf6 34.Qd6+ Kg7 35.Qd7+ Kf6  1/2-1/2

[Event "URS-FL56+"]
[Site "Klaipeda"]
[Date "1988.??.??"]
[Round "?"]
[White "Gavrikov, Viktor"]
[Black "Smirin, Ilia"]
[Result "0-1"]
[WhiteElo "2545"]
[BlackElo "2500"]

1.Nf3 Nf6 2.c4 g6 3.Nc3 Bg7 4.e4 d6 5.d4 O-O 6.Be2 e5 7.O-O Nc6 8.d5 Ne7
9.Nd2 a5 10.a3 Nd7 11.Rb1 f5 12.b4 Kh8 13.Qc2 b6 14.f3 f4 15.Nb3 axb4 16.axb4 g5
17.c5 Nf6 18.Nb5 g4 19.cxd6 cxd6 20.Qc7 gxf3 21.gxf3 Qe8 22.Kh1 Nh5 23.Rb2 Bh3
24.Re1 Qg6 25.Bf1 Ng3+ 26.hxg3 Qxg3 27.Qc3 Rac8 28.Qd2 Bxf1 29.Rxf1 Qh3+
30.Kg1 Bf6 31.Qg2 Rg8 32.Nxd6 Rcf8 33.Re2 Qd7 34.Nc4 Rxg2+ 35.Rxg2 Ng6 36.Bb2 Nh4
37.Rh2 Qc7 38.Nbd2 b5 39.Na5 Qc2 40.Ba1 Rg8+ 41.Kh1 Rg2 42.Rxg2 Nxg2 43.Kxg2 Qxd2+
44.Rf2 Qe1 45.Rf1 Qg3+ 46.Kh1 h5  0-1

[Event "URS-FL56"]
[Site "Klaipeda"]
[Date "1988.??.??"]
[Round "?"]
[White "Smirin, Ilia"]
[Black "Mikhalchishin, Adrian"]
[Result "1/2-1/2"]
[WhiteElo "2500"]
[BlackElo "2480"]

1.e4 e5 2.Nf3 Nc6 3.Bb5 a6 4.Ba4 Nf6 5.O-O Nxe4 6.d4 b5 7.Bb3 d5 8.dxe5 Be6
9.Nbd2 Nc5 10.c3 d4 11.Bxe6 Nxe6 12.cxd4 Ncxd4 13.Ne4 Be7 14.Be3 Nf5 15.Qc2 O-O
16.Rad1 Nxe3 17.fxe3 Qc8 18.Nd4 Nxd4 19.exd4 Qe6 20.Ng3 c6 21.Nf5 Rfe8 22.Nxe7+ Rxe7
23.Rf3 Rd7 24.Rc3 Qxa2 25.Rxc6 Rad8 26.Rc8 Qd5 27.Rc5 Qe6 28.h3 g6 29.Qc3 Rd5
30.b4 Qd7 31.Rc7 Qe6 32.Rd2 Qb6 33.Rc5 Qe6 34.Kh2 Qd7 35.Rxd5 Qxd5 36.Qc7 Rf8
37.Qb6 Qb3 38.Qd6 Qe3 39.Rd1 Qf4+ 40.Kh1 Rc8 41.Qd7 Rc3 42.Rg1 Kg7 43.e6  1/2-1/2

[Event "URS-FL56"]
[Site "Klaipeda"]
[Date "1988.??.??"]
[Round "?"]
[White "Psakhis, Lev"]
[Black "Smirin, Ilia"]
[Result "1/2-1/2"]
[WhiteElo "2560"]
[BlackElo "2500"]

1.e4 c5 2.Nf3 d6 3.d4 cxd4 4.Nxd4 Nf6 5.Nc3 g6 6.Be3 Bg7 7.f3 Nc6 8.Qd2 O-O
9.g4 Be6 10.h4 d5 11.O-O-O Nxd4 12.Bxd4 dxe4 13.g5 Nh5 14.Bxg7 Qxd2+ 15.Rxd2 Kxg7
16.Nxe4 Rad8 17.Rhh2 Bd5 18.Rhf2 Nf4 19.Nc5 f6 20.gxf6+ Kxf6 21.Rd4 Ne6 22.Nxe6 Bxe6
23.Ra4 a6 24.Rb4 Bd5  1/2-1/2

[Event "URS-FL56"]
[Site "Klaipeda"]
[Date "1988.??.??"]
[Round "?"]
[White "Guseinov, Aidyn"]
[Black "Smirin, Ilia"]
[Result "0-1"]
[WhiteElo "2325"]
[BlackElo "2500"]

1.d4 Nf6 2.c4 g6 3.Nc3 Bg7 4.e4 d6 5.Be2 O-O 6.Nf3 e5 7.O-O Nc6 8.d5 Ne7
9.Nd2 a5 10.a3 Nd7 11.Na4 f5 12.b4 Nf6 13.exf5 gxf5 14.bxa5 f4 15.Nb3 Nf5
16.Nc3 Nh4 17.f3 Kh8 18.Ra2 Rg8 19.Bd3 Bf8 20.Kh1 Nh5 21.Ne4 Nf5 22.Nf2 Qh4
23.Re1 Be7 24.Kg1 Bd7 25.a4 Rg7 26.Ng4 Rag8 27.Bxf5 Bxf5 28.Nh6 Rf8 29.Nd2 Bd7
30.Ng4 Rfg8 31.h3 Ng3 32.Ne4 h5 33.Nh2 Bxh3 34.Nxg3 Rxg3 35.Ree2 Bf5 36.Ba3 Rh3
37.g4 fxg3  0-1

[Event "URS-FL56"]
[Site "Klaipeda"]
[Date "1988.??.??"]
[Round "?"]
[White "Ionov, Sergey"]
[Black "Smirin, Ilia"]
[Result "1/2-1/2"]
[WhiteElo "2360"]
[BlackElo "2500"]

1.d4 Nf6 2.Nf3 g6 3.c4 Bg7 4.Nc3 O-O 5.e4 d6 6.Be2 e5 7.O-O Na6 8.Re1 c6
9.Rb1 Qe7 10.Bf1 Bg4 11.d5 Nb4 12.Be2 a5 13.Be3 c5 14.a3 Na6 15.Nd2 Bc8 16.Nb3 b6
17.Nc1 Nd7 18.Nd3 f5 19.b4 axb4 20.axb4 cxb4 21.Nxb4 Nac5 22.f3 Qh4 23.Bf2 Qf6
24.Nd3 fxe4 25.Nxe4 Nxe4 26.fxe4 Nc5 27.Bf3 Ra3 28.Nxc5 bxc5 29.Re3 Ra7 30.Reb3 g5
31.Be3 Ra4 32.Be2 Qd8  1/2-1/2

[Event "URS-FL56"]
[Site "Klaipeda"]
[Date "1988.??.??"]
[Round "?"]
[White "Kholmov, Ratmir D"]
[Black "Smirin, Ilia"]
[Result "1/2-1/2"]
[WhiteElo "2475"]
[BlackElo "2500"]

1.e4 c5 2.Nf3 d6 3.d4 cxd4 4.Nxd4 Nf6 5.Nc3 g6 6.Be2 Bg7 7.O-O Nc6 8.Nb3 O-O
9.Bg5 Be6 10.Kh1 h6 11.Bh4 g5 12.Bg3 d5 13.Nc5 d4 14.Nb5 Bc8 15.Bc7 Qe8 16.Bg3 Qd8
17.e5 Nd5 18.Nxd4 Nxe5 19.c3 Nf4 20.Bxf4 gxf4 21.Qc2 Qc7 22.Ncb3 e6 23.Rad1 a6
24.Rfe1 Kh8 25.Qe4 Nd7 26.Nf3 Ra7 27.Bd3 Nf6 28.Qe2 b5 29.Bb1 Bb7 30.Ne5 Rg8
31.f3 Bd5 32.Nd4 Bf8 33.Qd2 Nh5 34.Qc2 Rg7 35.Nf5 exf5 36.Rxd5 Rg5 37.Qf2 Nf6
38.Rdd1 Bc5 39.Nxf7+ Kg8 40.Nxh6+ Kg7 41.Qh4 Rh5 42.Nxf5+ Kf7  1/2-1/2

[Event "URS-chT"]
[Site "Naberezhnie Chelni"]
[Date "1988.??.??"]
[Round "?"]
[White "Smirin, Ilia"]
[Black "Vaganian, Rafael A"]
[Result "0-1"]
[WhiteElo "2500"]
[BlackElo "2595"]

1.e4 e6 2.d4 d5 3.Nc3 Bb4 4.Qd3 Ne7 5.Bg5 O-O 6.Nf3 Bxc3+ 7.bxc3 f6 8.Bd2 b6
9.Qe3 Bb7 10.Bd3 dxe4 11.Bxe4 Nf5 12.Qe2 Bxe4 13.Qxe4 Qd5 14.Qxd5 exd5 15.Bf4 Nc6
16.O-O-O Na5 17.Rhe1 Kf7 18.g4 Nd6 19.Bxd6 cxd6 20.Nh4 Rfe8 21.Ng2 Nc4 22.Nf4 Re4
23.Rxe4 dxe4 24.Re1 Re8 25.Nd5 g6 26.Nc7 Rc8 27.Nd5 f5 28.gxf5 gxf5 29.Rg1 h6
30.Kd1 b5 31.h4 Nb6 32.Ne3 f4 33.Nf5 Ke6 34.Nxh6 Rxc3 35.Rg6+ Kd5 36.Rg5+ Kc4
37.Nf5 d5 38.Rg4 Rh3 39.Rxf4 Na4 40.Ke2 Rh1 41.Rg4 Nc3+ 42.Ke3 Nxa2 43.Rg7 a5
44.Rc7+ Kb4 45.Ne7 Nc3 46.Rc5 Rh3+ 47.Kf4 Rxh4+ 48.Kg5 Rh3 49.Nc6+ Ka3 50.Nxa5 Kb2
51.Nc6 Rh2 52.Nb4 Rxf2 53.Nxd5 Nxd5 54.Rxb5+ Kxc2 55.Rxd5 e3 56.Re5 Kd2  0-1

[Event "URS-chT"]
[Site "Naberezhnie Chelni"]
[Date "1988.??.??"]
[Round "?"]
[White "Smirin, Ilia"]
[Black "Chernin, Alexander"]
[Result "0-1"]
[WhiteElo "2500"]
[BlackElo "2565"]

1.e4 g6 2.d4 Bg7 3.Nc3 c6 4.Nf3 d5 5.h3 Nf6 6.e5 Ne4 7.Bd3 Nxc3 8.bxc3 c5
9.O-O Nc6 10.dxc5 Qa5 11.Re1 Qxc3 12.Rb1 O-O 13.Bd2 Qxc5 14.Qc1 a6 15.Be3 d4
16.Bh6 Be6 17.Re4 Nxe5 18.Nxe5 Bxe5 19.Bxf8 Rxf8 20.Qg5 Bh2+  0-1

[Event "URS-chT"]
[Site "Naberezhnie Chelni"]
[Date "1988.??.??"]
[Round "?"]
[White "Kuzmin, Alexey"]
[Black "Smirin, Ilia"]
[Result "0-1"]
[WhiteElo "2470"]
[BlackElo "2500"]

1.d4 Nf6 2.c4 g6 3.Nc3 Bg7 4.e4 d6 5.f3 O-O 6.Be3 Nc6 7.Qd2 a6 8.Nge2 Rb8
9.Nc1 Ne8 10.d5 Ne5 11.Be2 f5 12.f4 Nf7 13.exf5 Bxf5 14.O-O Nf6 15.Nb3 c5
16.h3 Ne4 17.Nxe4 Bxe4 18.Bg4 Bf5 19.Bxf5 gxf5 20.Rf3 Kh8 21.Qc2 b5 22.Bd2 Qd7
23.Bc3 Rg8 24.Re1 Rbe8 25.Kh2 Nd8 26.Nd2 e6 27.dxe6 Nxe6 28.Qxf5 Bxc3 29.bxc3 Qg7
30.Rg1 Nd4 31.Qd3 Ne2 32.Rf2 Nxg1 33.Kxg1 Qf6 34.cxb5 axb5 35.Kh2 c4 36.Qf3 Qe6
37.Nf1 d5 38.Qh5 b4 39.cxb4 c3 40.f5 Qe5+ 41.Kh1 d4 42.Qf3 Qe4  0-1

[Event "URS-chT"]
[Site "Naberezhnie Chelni"]
[Date "1988.??.??"]
[Round "?"]
[White "Baikov, Vladimir A"]
[Black "Smirin, Ilia"]
[Result "1/2-1/2"]
[WhiteElo "2345"]
[BlackElo "2500"]

1.d4 Nf6 2.c4 g6 3.Nc3 Bg7 4.e4 d6 5.Nf3 O-O 6.Be2 e5 7.O-O Na6 8.Re1 c6
9.dxe5 dxe5 10.Qxd8 Rxd8 11.Nxe5 Nc5 12.Bf1 Re8 13.f4 Nfxe4 14.Nxe4 Nxe4
15.Rxe4 f6 16.Bd2 Bf5 17.Re2 fxe5 18.Rae1 Bd3 19.Rf2 Bxf1 20.Kxf1 exf4 21.Bxf4 Rxe1+
22.Kxe1 Re8+ 23.Kf1 Bd4 24.Rd2 c5 25.Bg3  1/2-1/2

[Event "URS-chT"]
[Site "Naberezhnie Chelni"]
[Date "1988.??.??"]
[Round "?"]
[White "Andrianov, Nikolai"]
[Black "Smirin, Ilia"]
[Result "1/2-1/2"]
[WhiteElo "2445"]
[BlackElo "2500"]

1.d4 Nf6 2.Nf3 g6 3.Bf4 Bg7 4.e3 O-O 5.Be2 c5 6.O-O d5 7.c3 Nc6 8.Ne5 Qb6
9.Qb3 Ne4 10.Qxb6 axb6 11.Nf3 Bf5 12.Rd1 f6 13.h3 e5 14.Bh2 Be6 15.Nbd2 cxd4
16.exd4 Nxd2 17.Rxd2 e4 18.Ne1 Rf7 19.Nc2 f5 20.f4 Bf8 21.Ne3 Na5 22.Rf1 Bd6
23.g4 Raf8 24.g5 h6 25.h4 h5 26.Kf2 Rc7 27.Rc2 Rfc8 28.Rd2 Bf8 29.Bg3 Bf7
30.Rg1 Rd8 31.Rb1 Be8 32.Rf1 b5 33.a3 Nc4 34.Nxc4 bxc4 35.Ke3 Rc6 36.Bd1 Rb6
37.Be1 Ra8 38.Rff2 Ra5 39.Rh2 Ba4 40.Bxa4 Rxa4 41.Rc2 Bd6 42.Bd2 Kf7 43.Ke2 Ra5
44.Kd1 Rab5 45.Bc1 Ke6 46.Rce2 Rb3 47.Rhf2 Bxa3 48.bxa3 Rxc3 49.Re3 Rxe3
50.Bxe3 Kd7 51.Bc1 Rb3 52.Rb2 Rd3+ 53.Kc2 Kc6 54.a4 b6 55.a5 bxa5 56.Rb8 Rg3
57.Rg8 Rg2+ 58.Kc3 Rg3+ 59.Kc2 Rg2+ 60.Kc3 Rg3+  1/2-1/2